Growth, External Debt and Sovereign Risk in a Small Open Economy.

This paper constructs and analyzes an optimizing model of a highly-indebted small open economy. An important innovation in the model is the incorporation of sovereign risk through the specification of an upward-sloping foreign debt supply function. The model is used to examine the interaction betwee...

Fuld beskrivelse

Bibliografiske detaljer
Institution som forfatter: International Monetary Fund
Format: Tidsskrift
Sprog:English
Udgivet: Washington, D.C. : International Monetary Fund, 1989.
Serier:IMF Working Papers; Working Paper ; No. 1989/054
Online adgang:Full text available on IMF
LEADER 01608cas a2200241 a 4500
001 AALejournalIMF010085
008 230101c9999 xx r poo 0 0eng d
020 |c 5.00 USD 
020 |z 9781451969474 
022 |a 1018-5941 
040 |a BD-DhAAL  |c BD-DhAAL 
110 2 |a International Monetary Fund. 
245 1 0 |a Growth, External Debt and Sovereign Risk in a Small Open Economy. 
264 1 |a Washington, D.C. :  |b International Monetary Fund,  |c 1989. 
300 |a 1 online resource (40 pages) 
490 1 |a IMF Working Papers 
500 |a <strong>Off-Campus Access:</strong> No User ID or Password Required 
500 |a <strong>On-Campus Access:</strong> No User ID or Password Required 
506 |a Electronic access restricted to authorized BRAC University faculty, staff and students 
520 3 |a This paper constructs and analyzes an optimizing model of a highly-indebted small open economy. An important innovation in the model is the incorporation of sovereign risk through the specification of an upward-sloping foreign debt supply function. The model is used to examine the interaction between external debt and growth in response to various policies and exogenous disturbances. It is shown that structural policies intended to reduce the fiscal deficit or increase productivity can lead to tradeoffs in their effect on capital accumulation and the stock of debt. 
538 |a Mode of access: Internet 
830 0 |a IMF Working Papers; Working Paper ;  |v No. 1989/054 
856 4 0 |z Full text available on IMF  |u http://elibrary.imf.org/view/journals/001/1989/054/001.1989.issue-054-en.xml  |z IMF e-Library